Proceedings second tomato quality workshop

Guardat en:
Dades bibliogràfiques
Autor corporatiu: University of California (Autor)
Format: Llibre
Idioma:anglès
Publicat: Davis University of California 1976
Col·lecció:Vegetable Crops, 178
Matèries:
Etiquetes: Afegir etiqueta
Sense etiquetes, Sigues el primer a etiquetar aquest registre!

MARC

LEADER 00000nam a2200000 a 4500
001 UCM8052
003 CL-VaPUC
005 20210424001425.0
008 030117e19760000us 1 eng d
082 0 4 |a 635.642  |b UNI  |2 21 
110 2 |a University of California  |e author  |9 620247 
245 1 0 |a Proceedings second tomato quality workshop 
260 |a Davis  |b University of California  |c 1976 
300 |a 196 h 
490 0 |a Vegetable Crops, 178 
583 |a last modification  |c 20170807 12:54:22  |k Rodrigo Vera 
650 0 7 |a TOMATE  |2 CL-VaPUC  |9 264158 
650 0 7 |a CALIDAD DEL PRODUCTO  |2 CL-VaPUC  |9 428514 
650 0 7 |a PROPIEADES ORGANOLEPTICAS  |2 CL-VaPUC  |9 620248 
650 0 7 |a PROPIEDADES FISICO-QUIMICAS  |2 CL-VaPUC  |9 460879 
650 0 7 |a EVALUACION SENSORIAL  |2 CL-VaPUC  |9 491694 
650 0 0 |a Genética  |9 259443 
650 0 0 |a Nutrición   |9 259434 
942 |c BK 
945 |a lriquelm  |d 20030117 00:00:00 
546 |a En Inglés 
536 |a University of California 
518 |p Proceedings second tomato quality workshop, 2, Davis, 12-14 july 1976 
999 |c 383835  |d 383833